| 000 | 00582nam a2200181Ia 4500 | ||
|---|---|---|---|
| 003 | GCL | ||
| 008 | 140319s9999 xx 000 0 ara d | ||
| 040 |
_aGCL / _cGCL |
||
| 082 | 0 | 4 |
_a632 _bع ا |
| 100 | 1 | _aعلى ابراهيم بدوى | |
| 245 | 1 | 0 |
_aافات الحبوب والمواد المخزونة وطرق مكافحتها / _cعلى ابراهيم بدوى |
| 700 | 1 | _aيوسف بن ناصر الدريهم | |
| 300 | _a208 ص | ||
| 490 |
_aكتاب _v0 |
||
| 650 | 0 | 4 | _aالافات الزراعية |
| 650 | 0 | 4 | _aالمحاصيل الزراعية |
| 942 |
_2ddc _cBK |
||
| 999 |
_c41203 _d41203 |
||